| 000 | 00444pab a2200157 454500 | ||
|---|---|---|---|
| 008 | 180718b2003 xxu||||| |||| 00| 0 eng d | ||
| 100 | _aBelina, Bernd | ||
| 245 | _aZero tolerance for the industrial past and other threats: policing and urban entrepreneurialism in Britain and Germany | ||
| 260 | _c2003 | ||
| 300 | _ap.1845-867. | ||
| 362 | _aAug | ||
| 650 | _aPolice | ||
| 700 | _aHelms, Gesa | ||
| 773 | _aUrban Studies | ||
| 909 | _a57538 | ||
| 999 |
_c57538 _d57538 |
||